[Event "RUS-ch51"]
[Site "St Petersburg"]
[Date "1998.07.28"]
[Round "1"]
[White "Svidler, Peter"]
[Black "Galliamova, Alisa"]
[Result "1/2-1/2"]
[WhiteElo "2710"]
[BlackElo "2560"]
[PlyCount "39"]
[EventDate "1998.07.28"]
[Source "ChessBase"]
[SourceDate "1998.11.30"]

1. e4 c5 2. Nf3 Nc6 3. d4 cxd4 4. Nxd4 d6 5. Nc3 e6 6. Be2 Nf6 7. O-O Be7 8. Kh1 O-O 9. f4 Nxd4 10. Qxd4 b6 11. Bf3 Bb7 12. Qf2 Rc8 13. e5 Nd5 14. Nxd5 Bxd5 15. Bxd5 exd5 16. exd6 Qxd6 17. Be3 Bf6 18. c3 Rfe8 19. Rad1 Re4 20. Qf3 1/2-1/2

[Event "Interzonal"]
[Site "Biel izt"]
[Date "1993.??.??"]
[Round "?"]
[White "Gurevich, Mikhail N"]
[Black "Oll, Lembit"]
[Result "1/2-1/2"]
[WhiteElo "2610"]
[BlackElo "2585"]
[PlyCount "53"]
[EventDate "1993.??.??"]
[Source "www.chesslib.no"]
[SourceDate "2004.05.04"]

1. e4 c5 2. Nf3 d6 3. d4 Nf6 4. Nc3 cxd4 5. Nxd4 e6 6. Be2 Nc6 7. O-O Be7 8. Kh1 O-O 9. f4 Bd7 10. Nb3 a6 11. a4 Na5 12. e5 Ne8 13. Nd4 Bc6 14. Bd3 g6 15. Qg4 Ng7 16. Bd2 h5 17. Qe2 dxe5 18. Nxc6 Nxc6 19. fxe5 Nf5 20. Bf4 Bg5 21. Bxf5 Bxf4 22. Rxf4 exf5 23. e6 Qd6 24. exf7+ Rxf7 25. Rff1 Kg7 26. Rad1 Qe5 27. Qd2 1/2-1/2

[Event "ARM-ch"]
[Site "Yerevan"]
[Date "2001.09.20"]
[Round "8"]
[White "Asrian, Karen"]
[Black "Anastasian, Ashot"]
[Result "0-1"]
[WhiteElo "2604"]
[BlackElo "2588"]
[PlyCount "106"]
[EventDate "2001.09.13"]
[Source "ChessBase"]
[SourceDate "2001.02.01"]

1. e4 c5 2. Nf3 d6 3. d4 cxd4 4. Nxd4 Nf6 5. Nc3 e6 6. Be2 Nc6 7. Be3 Be7 8. O-O O-O 9. f4 Nxd4 10. Bxd4 Bd7 11. Bd3 Bc6 12. Qe2 Nd7 13. Rad1 e5 14. fxe5 Nxe5 15. Bxe5 dxe5 16. Kh1 Qb6 17. Bc4 Qxb2 18. Nd5 Bxd5 19. Bxd5 Rac8 20. Bb3 Rc7 21. Rd3 g6 22. Rdf3 Bc5 23. Qd2 Kg7 24. Rd3 Be7 25. Rd7 Rxd7 26. Qxd7 Qa3 27. Qxb7 Qc5 28. h3 h5 29. a4 h4 30. a5 f5 31. exf5 Rxf5 32. Rxf5 gxf5 33. Qb8 e4 34. g4 hxg3 35. Qxg3+ Kf6 36. h4 Qd6 37. Qc3+ Qe5 38. Qc8 Bd6 39. Qh8+ Ke7 40. Qxe5+ Bxe5 41. Kg2 Bc3 42. a6 Kf6 43. Bd5 Ke5 44. Bc6 f4 45. h5 f3+ 46. Kg3 Kf5 47. h6 Be5+ 48. Kf2 Kf4 49. Bb5 e3+ 50. Kf1 Bc3 51. h7 Kg5 52. Be2 fxe2+ 53. Kxe2 Kf4 0-1

[Event "Haninge"]
[Site "Haninge"]
[Date "1989.??.??"]
[Round "?"]
[White "Arnason, Jon L"]
[Black "Sax, Gyula"]
[Result "1/2-1/2"]
[WhiteElo "2550"]
[BlackElo "2610"]
[PlyCount "30"]
[EventDate "1989.05.??"]
[Source "ChessBase"]

1. e4 c5 2. Nf3 d6 3. d4 cxd4 4. Nxd4 Nf6 5. Nc3 e6 6. Be2 Nc6 7. O-O Be7 8. Kh1 O-O 9. f4 Bd7 10. Nb3 Qc7 11. Be3 Rfd8 12. Bf3 Be8 13. Qe1 Nd7 14. Bf2 Nc5 15. Rd1 a6 1/2-1/2

[Event "Nordiska masterskapet, Reykjavik"]
[Site "?"]
[Date "1997.10.22"]
[Round "13"]
[White "Djurhuus Rune"]
[Black "Hjartarson Johann"]
[Result "1/2-1/2"]
[WhiteElo "2525"]
[BlackElo "2605"]
[PlyCount "20"]
[EventDate "1997.??.??"]
[Source "www.chesslib.no"]
[SourceDate "2004.05.04"]

1. e4 c5 2. Nf3 Nc6 3. d4 cxd4 4. Nxd4 e6 5. Nc3 Nf6 6. Be2 d6 7. O-O Be7 8. Be3 Qb6 9. Rb1 Bd7 10. Qd2 O-O 1/2-1/2

[Event "Baden Baden op"]
[Site "?"]
[Date "2003.07.28"]
[Round "7"]
[White "Schmaltz Roland"]
[Black "Atalik Suat"]
[Result "0-1"]
[WhiteElo "2530"]
[BlackElo "2599"]
[PlyCount "82"]
[EventDate "2003.??.??"]
[Source "www.chesslib.no"]
[SourceDate "2004.05.04"]

1. e4 c5 2. Nf3 d6 3. d4 cxd4 4. Nxd4 Nf6 5. Nc3 Nc6 6. Be2 e6 7. O-O Be7 8. Be3 Bd7 9. f4 Nxd4 10. Qxd4 Bc6 11. Bf3 O-O 12. a4 Qb8 13. Qd2 Rd8 14. Qf2 a6 15. a5 Rd7 16. Rad1 Bd8 17. b4 Be7 18. g4 d5 19. e5 Ne8 20. Rd4 Nc7 21. Rfd1 Qf8 22. Rb1 f6 23. Be2 Rc8 24. Qg3 Nb5 25. Nxb5 Bxb5 26. Bxb5 axb5 27. f5 Qf7 28. Rf1 exf5 29. Rxf5 Qe6 30. exf6 Bxf6 31. Rdf4 d4 32. Bd2 Rxc2 33. Rf2 h6 34. Qd3 Qc4 35. R2f3 Qxd3 36. Rxd3 Re7 37. Rxb5 Bg5 38. Rxg5 hxg5 39. Kf1 Re4 40. h3 Kf7 41. Kf2 Ke6 0-1

[Event "46th New York Masters"]
[Site "New York"]
[Date "2003.03.04"]
[Round "2"]
[White "Bonin, Jay R"]
[Black "Yudasin, Leonid"]
[Result "0-1"]
[WhiteElo "2415"]
[BlackElo "2706"]
[PlyCount "70"]
[EventDate "2003.03.04"]
[Source "Roberto Alvarez"]
[SourceDate "2003.05.19"]

1. Nc3 c5 2. Nf3 Nc6 3. d4 cxd4 4. Nxd4 Nf6 5. e4 d6 6. Be2 e6 7. O-O Be7 8. Be3 O-O 9. Nb3 a6 10. a4 b6 11. f4 Bb7 12. Bf3 Rb8 13. Qd2 Qc7 14. Rad1 Na5 15. Nxa5 bxa5 16. Ba7 Rbc8 17. Qe3 Nd7 18. Rf2 Ba8 19. Rfd2 Nc5 20. Bxc5 Qxc5 21. Qxc5 Rxc5 22. Nb1 g5 23. fxg5 Rxg5 24. Na3 f5 25. Re1 fxe4 26. Bxe4 Bxe4 27. Rxe4 d5 28. Re1 Re5 29. Rdd1 Bc5+ 30. Kh1 Rxe1+ 31. Rxe1 Rf2 32. g3 Kf7 33. Re5 Bd4 34. Rh5 Kg6 35. Rh4 Bxb2 0-1

[Event "Hungary HUN"]
[Site "?"]
[Date "2005.11.13"]
[Round "3"]
[White "Nevednichy Vladislav"]
[Black "Sax Gyula"]
[Result "1/2-1/2"]
[WhiteElo "2594"]
[BlackElo "2520"]
[PlyCount "51"]
[EventDate "2005.??.??"]
[Source "www.chesslib.no"]
[SourceDate "2004.05.04"]

1. e4 c5 2. Nf3 e6 3. d4 cxd4 4. Nxd4 Nf6 5. Nc3 d6 6. Be2 Nc6 7. O-O Bd7 8. Ndb5 Qb8 9. a4 a6 10. Na3 Qc7 11. Be3 Na5 12. Qd3 Be7 13. Rfd1 O-O 14. Bf4 Ne8 15. Bg3 Rd8 16. b4 Nc6 17. Rab1 Ne5 18. Qe3 Rc8 19. Rb3 Bf6 20. a5 Nc6 21. Nc4 Bxc3 22. Rxc3 Nxb4 23. Rxd6 Bb5 24. Rb6 Qe7 25. f3 Na2 26. Ra3 1/2-1/2

[Event "Pula op"]
[Site "Pula"]
[Date "1997.??.??"]
[Round "6"]
[White "Lutz, Christopher"]
[Black "Sax, Gyula"]
[Result "1/2-1/2"]
[WhiteElo "2555"]
[BlackElo "2545"]
[PlyCount "42"]
[EventDate "1997.05.??"]
[Source "www.chesslib.no"]
[SourceDate "2004.05.04"]

1. e4 c5 2. Nf3 d6 3. d4 cxd4 4. Nxd4 Nf6 5. Nc3 e6 6. Be2 Nc6 7. Be3 Bd7 8. O-O Be7 9. f4 Nxd4 10. Bxd4 Bc6 11. Bd3 O-O 12. Kh1 Nd7 13. Qe2 a6 14. Rad1 Qc7 15. Nd5 Bxd5 16. exd5 e5 17. Bf5 Bf6 18. fxe5 Bxe5 19. Qd3 g6 20. Bxd7 Bxd4 21. Qxd4 Qxd7 1/2-1/2

[Event "RUS-Cup final"]
[Site "Samara"]
[Date "1998.08.31"]
[Round "3"]
[White "Landa, Konstantin"]
[Black "Balashov, Yuri S"]
[Result "0-1"]
[WhiteElo "2520"]
[BlackElo "2580"]
[PlyCount "72"]
[EventDate "1998.08.??"]
[Source "ChessBase"]
[SourceDate "1998.11.30"]

1. e4 c5 2. Nf3 e6 3. Nc3 d6 4. d4 cxd4 5. Nxd4 Nc6 6. Be2 Nf6 7. O-O Be7 8. Be3 Bd7 9. Ndb5 Qb8 10. a4 O-O 11. Qd2 Rd8 12. Rfd1 Be8 13. Qe1 b6 14. Rd2 a6 15. Nd4 Qb7 16. h3 Nxd4 17. Rxd4 b5 18. axb5 axb5 19. Nxb5 Nxe4 20. Rxa8 Rxa8 21. c4 Bxb5 22. cxb5 d5 23. Qd1 Rc8 24. Ra4 Nc5 25. Ra2 Bf6 26. b4 Ne4 27. Ra7 Qb8 28. b6 Nc3 29. Qd3 d4 30. b7 Rf8 31. Qa6 dxe3 32. Ra8 Nxe2+ 33. Kf1 Ng3+ 34. fxg3 Qxg3 35. Ke2 Be5 36. Rxf8+ Kxf8 0-1

[Event "XIII festival A"]
[Site "Zupanja CRO"]
[Date "2007.01.07"]
[Round "7.3"]
[White "Rogic, Davor"]
[Black "Predojevic, Borki"]
[Result "0-1"]
[WhiteElo "2510"]
[BlackElo "2587"]
[PlyCount "106"]
[EventDate "2007.01.03"]
[Source "www.chesslib.no"]
[SourceDate "2004.05.04"]

1. e4 c5 2. Nf3 d6 3. d4 cxd4 4. Nxd4 Nf6 5. Nc3 e6 6. Be2 Nc6 7. O-O Bd7 8. Nb3 a6 9. a4 Be7 10. Be3 Na5 11. Qd3 O-O 12. f4 Nxb3 13. cxb3 Qa5 14. Qd4 e5 15. Qd2 Bc6 16. Bc4 Rae8 17. Kh1 Qb4 18. a5 Nxe4 19. Qe1 exf4 20. Bxf4 Nf6 21. Qg3 Kh8 22. Bg5 Qc5 23. Qh4 d5 24. Rf5 Qd6 25. Bd3 Ne4 26. Bxe7 Qxe7 27. Qxe7 Rxe7 28. Nxd5 Ree8 29. Nb4 Bd7 30. Rf4 Nf6 31. Kg1 Re5 32. Bc4 Kg8 33. Nd3 Rg5 34. b4 Bc6 35. g3 h5 36. Re1 Rd8 37. Re7 Bd5 38. Rd4 h4 39. Bxd5 Rgxd5 40. Rxd5 Rxd5 41. Nc5 h3 42. Kf2 Ng4+ 43. Ke2 Nxh2 44. Re4 Rd2+ 45. Kxd2 Nf3+ 46. Ke3 h2 47. Kxf3 h1=Q+ 48. Kf2 Qh2+ 49. Kf3 Qxb2 50. Nxb7 Qc3+ 51. Kf2 Qc2+ 52. Ke3 f5 53. Rd4 Qc3+ 0-1

[Event "RUS-Cup06"]
[Site "Nizhnij Novgorod"]
[Date "1998.07.04"]
[Round "6"]
[White "Voitsekhovsky, Stanislav"]
[Black "Balashov, Yuri S"]
[Result "0-1"]
[WhiteElo "2540"]
[BlackElo "2555"]
[PlyCount "82"]
[EventDate "1998.06.29"]
[Source "www.chesslib.no"]
[SourceDate "2004.05.04"]

1. e4 c5 2. Nf3 e6 3. d4 cxd4 4. Nxd4 Nf6 5. Nc3 d6 6. Be2 Nc6 7. O-O Be7 8. Be3 Bd7 9. Ndb5 Qb8 10. a4 O-O 11. f4 Rd8 12. Bf3 Be8 13. Qe1 Nd7 14. Ne2 a6 15. Nbd4 Qc7 16. a5 Nxd4 17. Nxd4 Bf6 18. c3 Nc5 19. Qd1 e5 20. Nf5 Bb5 21. Be2 Bc6 22. b4 Nxe4 23. Bb6 Qd7 24. Bg4 Qe8 25. Qc2 g6 26. Rae1 gxf5 27. Bxf5 d5 28. c4 Rdc8 29. Qd1 Bg7 30. cxd5 Ba4 31. Qe2 Nd6 32. Bxc8 Bb5 33. Qf2 Nxc8 34. Bd4 Bxf1 35. Bxe5 Bxe5 36. Rxe5 Qd8 37. Qg3+ Kf8 38. Kxf1 Qf6 39. h3 Ne7 40. Kg1 Rd8 41. Qf3 Ng6 0-1

[Event "CRO-chT"]
[Site "Pula"]
[Date "1999.09.12"]
[Round "4"]
[White "Rogic, Davor"]
[Black "Sax, Gyula"]
[Result "1/2-1/2"]
[WhiteElo "2505"]
[BlackElo "2588"]
[PlyCount "26"]
[EventDate "1999.09.05"]
[Source "www.chesslib.no"]
[SourceDate "2004.05.04"]

1. e4 c5 2. Nf3 d6 3. d4 Nf6 4. Nc3 cxd4 5. Nxd4 e6 6. Be2 Nc6 7. O-O Bd7 8. Nb3 a6 9. a4 Nb4 10. Bf3 Bc6 11. Nd4 Be7 12. Nxc6 Nxc6 13. Be2 O-O 1/2-1/2

[Event "Brno"]
[Site "?"]
[Date "1991.??.??"]
[Round "?"]
[White "Mokry, K."]
[Black "Boensch, U."]
[Result "1-0"]
[WhiteElo "2525"]
[BlackElo "2560"]
[PlyCount "95"]
[EventDate "1991.??.??"]
[Source "ChessBase"]
[SourceDate "1991.06.01"]

1. e4 c5 2. Nf3 d6 3. d4 cxd4 4. Nxd4 Nf6 5. Nc3 e6 6. Be2 Nc6 7. Be3 Be7 8. f4 O-O 9. O-O Bd7 10. Nb3 a5 11. a4 Nb4 12. Bf3 e5 13. Rf2 Bc6 14. Rd2 exf4 15. Bxf4 Qb6+ 16. Kh1 Nd7 17. Bxd6 Bxd6 18. Rxd6 Ne5 19. Nd5 Qf2 20. Ne7+ Kh8 21. c3 Rae8 22. Rd2 Qb6 23. cxb4 Rxe7 24. b5 Bd7 25. Rc1 Be6 26. Nc5 Bc4 27. Nd7 Rxd7 28. Rxd7 Nxd7 29. Qxd7 Qe3 30. Rd1 Bb3 31. Qd4 Qg5 32. Ra1 Rc8 33. h3 h5 34. e5 h4 35. Bxb7 Rc4 36. Qf2 Rc2 37. Qd4 Rc4 38. Qd3 Rc1+ 39. Rxc1 Qxc1+ 40. Kh2 Qf4+ 41. Kg1 Qc1+ 42. Qf1 Qxb2 43. Qf4 Kg8 44. Bf3 Qc3 45. Qxh4 Qa1+ 46. Kh2 Qxe5+ 47. Qg3 Qe6 48. Qc7 1-0

[Event "CRO-chT2"]
[Site "Pula"]
[Date "1998.??.??"]
[Round "2"]
[White "Delchev, Aleksander"]
[Black "Sax, Gyula"]
[Result "1/2-1/2"]
[WhiteElo "2545"]
[BlackElo "2535"]
[PlyCount "116"]
[EventDate "1998.??.??"]
[Source "www.chesslib.no"]
[SourceDate "2004.05.04"]

1. e4 c5 2. Nf3 e6 3. d4 cxd4 4. Nxd4 Nf6 5. Nc3 d6 6. Be2 Nc6 7. Be3 Be7 8. O-O O-O 9. f4 Qc7 10. Qe1 Nxd4 11. Bxd4 e5 12. Be3 exf4 13. Bxf4 Be6 14. Qg3 Nd7 15. Bh6 Qc5+ 16. Kh1 Qe5 17. Bf4 Qc5 18. Nb5 Ne5 19. c3 a6 20. Nd4 Ng6 21. Nxe6 fxe6 22. Be3 Qc6 23. Qg4 d5 24. exd5 exd5 25. Bd3 Rxf1+ 26. Rxf1 Rf8 27. Rd1 Bc5 28. Bxc5 Qxc5 29. Bxg6 hxg6 30. Qxg6 Qb5 31. h3 Qxb2 32. Qe6+ Kh7 33. Qxd5 Qxc3 34. Qxb7 Qc2 35. Qd5 Rf5 36. Qd3 Qxd3 37. Rxd3 Ra5 38. a3 Ra4 39. Kg1 g5 40. Kf2 Kg6 41. Ke2 Kf5 42. Rf3+ Ke5 43. Rg3 Kf5 44. Kd2 Ra5 45. Kc2 Kf4 46. Rf3+ Ke4 47. Kb3 Rb5+ 48. Ka4 Rb2 49. Rg3 Rb5 50. Rc3 Kf4 51. g3+ Ke4 52. Rc6 Rd5 53. Rxa6 Rd3 54. Rb6 Rxg3 55. Rb4+ Kf5 56. Rb3 Kf4 57. Rb4+ Kf5 58. Rb3 Kf4 1/2-1/2

[Event "Finjub30 GM1"]
[Site "Finjub30 GM1"]
[Date "1992.??.??"]
[Round "?"]
[White "Piuva, Matti"]
[Black "Rittner, Horst R"]
[Result "1/2-1/2"]
[WhiteElo "2485"]
[BlackElo "2595"]
[PlyCount "116"]
[EventDate "1992.??.??"]
[Source "www.chesslib.no"]
[SourceDate "2004.05.04"]

1. e4 c5 2. Nf3 e6 3. d4 cxd4 4. Nxd4 Nc6 5. Nc3 d6 6. Be2 Nf6 7. O-O Be7 8. Be3 O-O 9. f4 e5 10. Nb3 exf4 11. Bxf4 Be6 12. Kh1 d5 13. e5 Nd7 14. Nxd5 Ndxe5 15. c4 Bg5 16. Nc5 Bxf4 17. Nxe6 fxe6 18. Nxf4 Qe7 19. Qd2 Qg5 20. Qe3 Rad8 21. Rad1 Rxd1 22. Bxd1 Qf5 23. Be2 Qc2 24. b4 g5 25. Nh3 Rxf1+ 26. Bxf1 h6 27. Kg1 Qb2 28. b5 Qd4 29. Qxd4 Nxd4 30. Nf2 b6 31. Ne4 Kf8 32. h3 Ke7 33. Kf2 Nf5 34. c5 bxc5 35. Nxc5 Kd6 36. Nb3 Kd5 37. a4 Nd6 38. g4 Nd7 39. a5 Nc5 40. Nd2 Kd4 41. a6 Nc8 42. Nf3+ Ke4 43. Bg2 Nd3+ 44. Kg3 Ke3 45. Bf1 Ke4 46. Nd2+ Kd4 47. h4 Ne5 48. Nb3+ Kd5 49. Na5 Nb6 50. Nb7 Nf7 51. Bg2+ Kd4 52. Bc6 gxh4+ 53. Kxh4 e5 54. Be8 Ng5 55. Nd6 Ke3 56. Bg6 Kf4 57. Kh5 e4 58. Nxe4 Nxe4 1/2-1/2

[Event "CRO-Cup"]
[Site "Pula"]
[Date "1998.??.??"]
[Round "3"]
[White "Delchev, Aleksander"]
[Black "Sax, Gyula"]
[Result "1/2-1/2"]
[WhiteElo "2545"]
[BlackElo "2535"]
[PlyCount "27"]
[EventDate "1998.??.??"]
[Source "www.chesslib.no"]
[SourceDate "2004.05.04"]

1. e4 c5 2. Nf3 e6 3. d4 cxd4 4. Nxd4 Nf6 5. Nc3 d6 6. Be2 Nc6 7. Be3 Be7 8. f4 O-O 9. O-O Bd7 10. Nb3 Qc7 11. g4 d5 12. e5 Ne4 13. Nb5 Qd8 14. N5d4 1/2-1/2

[Event "FRA-ch Final stage"]
[Site "Besancon"]
[Date "1999.08.25"]
[Round "1.1"]
[White "Apicella, Manuel"]
[Black "Vaisser, Anatoli"]
[Result "1/2-1/2"]
[WhiteElo "2501"]
[BlackElo "2564"]
[PlyCount "105"]
[EventDate "1999.08.23"]
[Source "ChessBase"]
[SourceDate "1999.12.01"]

1. e4 c5 2. Nf3 Nc6 3. d4 cxd4 4. Nxd4 Nf6 5. Nc3 d6 6. Be2 e6 7. O-O Be7 8. Nxc6 bxc6 9. b3 O-O 10. Bb2 Qa5 11. Qd3 d5 12. e5 Nd7 13. Na4 Nb6 14. Nxb6 axb6 15. c4 Ba3 16. Bc3 Bb4 17. Bb2 Ba3 18. Bc3 Bb4 19. Bb2 dxc4 20. Qxc4 Ba6 21. Qc2 Bxe2 22. Qxe2 Rfd8 23. a3 Be7 24. Rfd1 Rxd1+ 25. Rxd1 Bxa3 26. Ra1 Qb4 27. Qd1 Qf8 28. Bxa3 Rxa3 29. Rxa3 Qxa3 30. Qd8+ Qf8 31. Qxb6 Qa8 32. g3 h6 33. b4 Qa1+ 34. Kg2 Qc3 35. h4 Qc4 36. Qc5 Qd5+ 37. Kg1 h5 38. Qe7 Qf3 39. b5 cxb5 40. Qe8+ Kh7 41. Qxb5 Kg6 42. Qb1+ Qf5 43. Qe1 Qd3 44. Qc1 f6 45. exf6 gxf6 46. Qc8 Kf5 47. Qg8 Qd1+ 48. Kg2 Qg4 49. Qh7+ Ke5 50. Qc7+ Kd5 51. Qd8+ Ke5 52. Qb8+ Kd5 53. Qd8+ 1/2-1/2